| 000 | 00507cam a2200193ua 4500 | ||
|---|---|---|---|
| 020 |
_a07-085772-5 _c238.00 |
||
| 041 |
_aeng _h |
||
| 082 |
_a628.3 _bSTE/WA |
||
| 100 | _aSteel, F W . | ||
| 245 |
_aWater supply and sewerage / _cF W Steel. _hTextual Documents |
||
| 250 |
_a1 / _b. |
||
| 260 |
_aSingapore : _bMcGraw-Hill International Book Company , _c1979. |
||
| 300 | _a665 ; . | ||
| 365 | _a238.00 | ||
| 504 | _a | ||
| 700 | 1 | _aMcghee, Terence J . | |
| 942 | _cBK | ||
| 999 |
_c10113 _d10113 |
||